| 000 | 01038nam a22002537a 4500 | ||
|---|---|---|---|
| 005 | 20121010141910.0 | ||
| 008 | 121010t xxu||||| |||| 00| 0 mar d | ||
| 010 | _aMAR-22915 | ||
| 020 | _c140.00 | ||
| 035 | _aMR-15573 | ||
| 037 | _bDBAD/PUB | ||
| 040 |
_aDPL _bMR |
||
| 082 | _a920 | ||
| 100 | _953016 | ||
| 245 |
_aखेडचे शिलेदार / _cगौतम कोतवाल द्वारा संपादित |
||
| 246 |
_aKhedche Shiledar _bedited by Gautam Kotwal |
||
| 250 | _aद्वितीय संस्क. | ||
| 260 |
_aपुणे _bसुगावा प्रकाशन _c2009 |
||
| 270 |
_bपुणे _a562,सदाशिव पेठ _e411030 |
||
| 300 |
_a200पृ _c22सेमी(अजिल्द) _bसचित्र |
||
| 700 |
_aगौतम कोतवाल _954558 |
||
| 942 |
_2ddc _cMR _mखेडचे _h920 |
||
| 999 |
_c72456 _d72456 |
||